000 00591nam a2200193Ia 4500
005 20250508164916.0
008 008 250505s9999 xx 000 0 eng d
037 _aDissertations
040 _aFEDL
_beng
_cFEDL
041 _aeng
_2eng
084 _a305.4, CHE/DI
_qFEDL
100 _aCheema Manudeep
_9779501
245 0 _aStudy of identity and body image in adolescent girls in a senior secondary school in Delhi
260 _c1999
300 _a59p.
546 _aM. Ed. Dissertation (Delhi University)
942 _cDIS
_h305.4, CHE/DI
999 _c1391949
_d1391949